| 000 | 00417nam a22001817a 4500 | ||
|---|---|---|---|
| 999 |
_c532115 _d532115 |
||
| 003 | NUST | ||
| 005 | 20191108124331.0 | ||
| 008 | 191108b ||||| |||| 00| 0 eng d | ||
| 020 | _a9699454008 | ||
| 024 | _a978-9699454004 | ||
| 038 | _aMsohail | ||
| 082 | _a0 | ||
| 100 |
_aAqeelAbbas Jafri _925434 |
||
| 245 | _aPakistan Chronicle | ||
| 260 |
_aKarachi _bVirsa _cc2011 |
||
| 300 | _aP;1118 | ||
| 942 |
_2ddc _cBK |
||